000 00401nam a2200157Ia 4500
008 240729s9999 xx 000 0 und d
022 _a2666-6766
245 0 _aIntelligent Surgery
260 _aChina
260 _bKeAi Communications Co., Ltd.
650 _a Surgery
650 _aMedicine
856 _uhttps://doaj.org/toc/76fa3c4f3c5047ba9da0238a5f337f05
942 _2ddc
942 _cDOAJEJ
999 _c67777
_d67777
945 _a1
_bMadushi Gamage
_c1
_dMadushi Gamage